000 00616nam a2200217 a 4500
001 13726
003 BD-JhCC
005 20240319141216.0
008 240319b2022 bg |||| ||a| 001 0 eng d
020 _a9789845063913
035 _a(BD-JhCC)13726
040 _aBD-JhCC
_dBD-JhCC
041 _aenglish
082 _a709.04
_bHUQ 2022
100 _a Huq, Sabiha
245 _aThe Mughal Aviary :
_bWomen's writings in pre-modern india /
_cSabiha Huq.
260 _aDhaka:
_bThe University Press Limited;
_c 2022.
300 _a xxviii, 217 p. :
_c22 cm.
650 _aHistory
_zArts & Literature
942 _2ddc
_cBK
999 _c13726
_d13726